Daňový poplatník a štát. 1

Význam pojmu daňový poplatník. Súčasný daňový systém Slovenskej republiky. Výklad základných pojmov používaných v daňových predpisoch. Podnikanie a daňová povinnosť.

Salvato in:
Dettagli Bibliografici
Autore principale: Drozd, M.
Natura: Capitolo di libro
Lingua:slovacco
Soggetti:
Tags: Aggiungi Tag
Nessun Tag, puoi essere il primo ad aggiungerne!!

MARC

LEADER 00000naa a2200000 4500
001 r022437
005 20221213095421.4
041 0 |a slo 
044 |a SK 
245 1 0 |a Daňový poplatník a štát. 1  |c M. Drozd 
520 |a Význam pojmu daňový poplatník. Súčasný daňový systém Slovenskej republiky. Výklad základných pojmov používaných v daňových predpisoch. Podnikanie a daňová povinnosť. 
610 2 0 |a dane 
610 2 0 |a sústava daňová 
610 2 0 |a Slovensko 
610 2 0 |a daňovníci 
610 2 0 |a podnikatelia 
610 2 0 |a predpisy daňové 
610 2 0 |a pojmy 
100 1 |a Drozd, M.